[Event "Online Olym Div2 C 2020"]
[Site "chess.com INT"]
[Date "2020.08.16"]
[Round "9.4"]
[Board "5"]
[White "Garanin, Aleksei"]
[Black "Stijve, Theo"]
[Result "0-1"]
[WhiteTitle "FM"]
[BlackTitle "FM"]
[WhiteElo "2233"]
[BlackElo "2251"]
[WhiteTeam "Estonia"]
[BlackTeam "Switzerland"]
[WhiteFideId "4504950"]
[BlackFideId "1331132"]
[EventDate "2020.08.14"]
[EventType "team"]

1. d4 Nf6 2. c4 e6 3. Nf3 d5 4. g3 Be7 5. Bg2 O-O 6. O-O dxc4 7. Ne5 Nc6 8. Nxc6
bxc6 9. Bxc6 Rb8 10. Bg2 Bb7 11. Nc3 c5 12. dxc5 Bxg2 13. Kxg2 Bxc5 14. Qa4 Rb4
15. Qc2 Qc7 16. f3 h6 17. Bd2 Rbb8 18. e4 Rfd8 19. Rad1 Nd7 20. Bf4 Ne5 21.
Rxd8+ Rxd8 22. Rd1 Rxd1 23. Nxd1 Bd4 24. Ne3 Bxe3 25. Bxe3 Nd3 26. Qc3 Qd7 27.
Bd4 e5 28. Bxe5 Nxe5 29. Qxe5 Qd2+ 30. Kh3 Qd7+ 31. g4 Qd3 32. Qe8+ Kh7 33. Qxf7
Qf1+ 34. Kg3 Qg1+ 35. Kf4 Qxh2+ 36. Kf5 Qxb2 37. Qg6+ Kg8 38. Qe6+ Kh7 39. Qg6+
Kg8 40. Qc6 Qf6+ 41. Qxf6 gxf6 42. Kxf6 c3 43. e5 c2 44. e6 c1=Q 45. e7 Qc6+ 0-1

[Event "Online Olym Div2 C 2020"]
[Site "chess.com INT"]
[Date "2020.08.16"]
[Round "9.4"]
[Board "6"]
[White "Tamrazyan, Gohar"]
[Black "Pool, Linda Maria"]
[Result "1-0"]
[WhiteElo "1802"]
[BlackElo "1148"]
[WhiteTeam "Switzerland"]
[BlackTeam "Estonia"]
[WhiteFideId "1330799"]
[BlackFideId "4508882"]
[EventDate "2020.08.14"]
[EventType "team"]

1. Nf3 Nf6 2. e3 g6 3. b4 Bg7 4. Bb2 O-O 5. c4 d6 6. Nc3 e5 7. Be2 Nbd7 8. O-O
a5 9. a3 b6 10. d4 exd4 11. exd4 Bb7 12. d5 Ng4 13. h3 Nge5 14. Nd4 Re8 15. f4
c5 16. bxc5 bxc5 17. Ndb5 Nb6 18. fxe5 Bxe5 19. Qd2 Bc8 20. Bd3 Nd7 21. Ne4 Bxb2
22. Qxb2 Ne5 23. Nf6+ Kg7 24. Nxe8+ Qxe8 25. Nc7 Qe7 26. Nxa8 1-0

[Event "Online Olym Div2 C 2020"]
[Site "chess.com INT"]
[Date "2020.08.16"]
[Round "9.5"]
[Board "1"]
[White "Mansour, Sameer"]
[Black "Pereira, Ruben"]
[Result "0-1"]
[WhiteTitle "IM"]
[BlackTitle "IM"]
[WhiteElo "2308"]
[BlackElo "2440"]
[WhiteTeam "Jordan"]
[BlackTeam "Portugal"]
[WhiteFideId "8100144"]
[BlackFideId "1903063"]
[EventDate "2020.08.14"]
[EventType "team"]

1. Nf3 Nf6 2. g3 g6 3. Bg2 Bg7 4. c4 O-O 5. Nc3 d5 6. d4 c5 7. cxd5 Nxd5 8. O-O
Nxc3 9. bxc3 Nc6 10. e3 Bf5 11. Ba3 cxd4 12. cxd4 Be4 13. Nd2 Bxg2 14. Kxg2 Qa5
15. Bb2 e5 16. Nb3 Qd5+ 17. Qf3 Qxf3+ 18. Kxf3 exd4 19. Bxd4 Nxd4+ 20. Nxd4 Rfd8
21. Rfd1 Rac8 22. Rab1 Rd7 23. Nb5 Rxd1 24. Rxd1 a6 25. Nd4 b5 26. Rd2 Kf8 27.
Ke4 Ke7 28. Kd5 Kd7 29. Nb3 Bf8 30. Ke5+ Ke7 31. Rd6 a5 32. Ra6 a4 33. Ra7+ Ke8
34. Nd4 Bg7+ 35. Kd5 Bxd4 36. exd4 Rc2 37. Kd6 Kf8 38. Rb7 Rxa2 39. Rxb5 Rxf2
40. Rb8+ Kg7 41. d5 Rxh2 42. Ke5 Re2+ 43. Kd4 Rd2+ 44. Ke5 a3 45. Ra8 a2 46. d6
h5 47. Ra4 g5 48. Ra6 h4 49. gxh4 gxh4 50. Ra4 h3 51. d7 h2 52. Rxa2 h1=Q 53.
Rxd2 Qe1+ 0-1

[Event "Online Olym Div2 C 2020"]
[Site "chess.com INT"]
[Date "2020.08.16"]
[Round "9.5"]
[Board "2"]
[White "Martins, David Pires Tavares"]
[Black "Ahmad, Al Khatib"]
[Result "1-0"]
[WhiteTitle "IM"]
[BlackTitle "IM"]
[WhiteElo "2398"]
[BlackElo "2254"]
[WhiteTeam "Portugal"]
[BlackTeam "Jordan"]
[WhiteFideId "1909991"]
[BlackFideId "8103178"]
[EventDate "2020.08.14"]
[EventType "team"]

1. d4 g6 2. e4 Bg7 3. Nc3 c6 4. Be3 d5 5. Qd2 dxe4 6. Nxe4 Nd7 7. O-O-O Ngf6 8.
Nc3 O-O 9. Bh6 b5 10. Bxg7 Kxg7 11. Bd3 Nb6 12. Nf3 b4 13. Ne2 Qd5 14. Kb1 Be6
15. Nc1 Na4 16. Qxb4 Nxb2 17. Qxb2 Rfb8 18. Nb3 a5 19. a4 Rb4 20. c4 Qd6 21.
Nfd2 Rxa4 22. Kc2 Rb4 23. Qc3 Rab8 24. Rb1 Qf4 25. f3 Qg5 26. g3 Qe3 27. Rhe1
Qh6 28. h4 Qh5 29. Nc5 Bf5 30. g4 Bxd3+ 31. Nxd3 Qxh4 32. Nxb4 axb4 33. Qe3 Qh2
34. Qe5 Qg2 35. Qxb8 1-0

[Event "Online Olym Div2 C 2020"]
[Site "chess.com INT"]
[Date "2020.08.16"]
[Round "9.5"]
[Board "3"]
[White "Boshra, Alshaeby"]
[Black "Jorge, Rita Maria Osorio"]
[Result "0-1"]
[WhiteTitle "WFM"]
[BlackTitle "WFM"]
[WhiteElo "2033"]
[BlackElo "1983"]
[WhiteTeam "Jordan"]
[BlackTeam "Portugal"]
[WhiteFideId "8102937"]
[BlackFideId "1923161"]
[EventDate "2020.08.14"]
[EventType "team"]

1. e4 e5 2. Nf3 Nc6 3. Bb5 a6 4. Ba4 Nf6 5. d3 b5 6. Bb3 Be7 7. c3 d6 8. Nbd2
O-O 9. Nf1 Nb8 10. h3 Nbd7 11. g4 c5 12. Ng3 Kh8 13. g5 Ng8 14. h4 Nb6 15. h5 c4
16. Bc2 Bg4 17. Nf5 Bxf3 18. Qxf3 Bxg5 19. Bxg5 Qxg5 20. Ke2 Qf6 21. Rag1 Nh6
22. Nxg7 Qxf3+ 23. Kxf3 f5 24. Ke2 fxe4 25. dxc4 bxc4 26. Bxe4 d5 27. Bc2 Rf6
28. Rg5 d4 29. cxd4 exd4 30. Be4 Raf8 31. f3 Na4 32. Rd1 d3+ 33. Kd2 Nxb2 34.
Rb1 Rc8 35. Kc3 Na4+ 36. Kd2 Nc5 37. Rxc5 Rxc5 38. Rb7 c3+ 39. Kc1 d2+ 40. Kc2
Rb5 41. Ne8 Rxb7 42. Bxb7 Re6 43. Nc7 Re1 44. Kxc3 d1=Q 45. Be4 Qc1+ 46. Bc2 Re2 0-1

[Event "Online Olym Div2 C 2020"]
[Site "chess.com INT"]
[Date "2020.08.16"]
[Round "9.5"]
[Board "4"]
[White "Pintor, Ariana"]
[Black "Alattar, Ghayda M."]
[Result "1-0"]
[WhiteTitle "WFM"]
[BlackTitle "WFM"]
[WhiteElo "1903"]
[BlackElo "1868"]
[WhiteTeam "Portugal"]
[BlackTeam "Jordan"]
[WhiteFideId "1902806"]
[BlackFideId "8101531"]
[EventDate "2020.08.14"]
[EventType "team"]

1. e4 d6 2. d4 Nf6 3. Nc3 g6 4. g3 Bg7 5. Bg2 O-O 6. Nf3 c6 7. O-O Qc7 8. Bf4
Nh5 9. Be3 e5 10. d5 c5 11. Nd2 Bd7 12. a4 Be8 13. Nc4 Qe7 14. Qd2 Na6 15. Bg5
f6 16. Be3 f5 17. Bg5 Bf6 18. Bxf6 Qxf6 19. f4 exf4 20. gxf4 Nb4 21. e5 dxe5 22.
fxe5 Qh4 23. Nd6 Qd4+ 24. Qxd4 cxd4 25. Ncb5 Nxc2 26. Rac1 Bxb5 27. Nxb5 Ne3 28.
Rf2 Nxg2 29. Kxg2 Rad8 30. d6 Rfe8 31. Re1 d3 32. e6 Ng7 33. e7 Rd7 34. Rd2 Kf7
35. Nc7 Rc8 36. Rxd3 a6 37. Rde3 Ne8 38. Nxe8 Kxe8 39. Rd3 Rc2+ 40. Kg3 g5 41.
Re6 f4+ 42. Kf3 Rxb2 43. Rf6 g4+ 44. Kxg4 Rg2+ 45. Kxf4 Rf2+ 46. Kg5 Rg2+ 47.
Kf5 Rf2+ 48. Ke6 Rxf6+ 49. Kxf6 b5 50. axb5 axb5 51. Ke6 b4 52. Rg3 1-0

[Event "Online Olym Div2 C 2020"]
[Site "chess.com INT"]
[Date "2020.08.16"]
[Round "9.5"]
[Board "5"]
[White "Saif, Malek"]
[Black "Martins, Bruno Andre Leite"]
[Result "1/2-1/2"]
[WhiteTitle "CM"]
[WhiteElo "2168"]
[BlackElo "2204"]
[WhiteTeam "Jordan"]
[BlackTeam "Portugal"]
[WhiteFideId "8104220"]
[BlackFideId "1942255"]
[EventDate "2020.08.14"]
[EventType "team"]

1. e4 c5 2. b3 g6 3. Bb2 Nf6 4. e5 Nd5 5. d4 Qa5+ 6. Qd2 Qxd2+ 7. Nxd2 cxd4 8.
Ngf3 Bg7 9. Bxd4 Nc6 10. Bb2 Ndb4 11. Kd1 d6 12. a3 Nd5 13. Bc4 Nf4 14. g3 Nh3
15. Rf1 Bg4 16. Kc1 dxe5 17. Ne1 Rd8 18. f3 Bf5 19. Nd3 a6 20. a4 O-O 21. Re1
Ng5 22. h4 Nxf3 23. Nxf3 e4 24. Bxg7 Kxg7 25. Nde5 exf3 26. Nxf3 e6 27. Kb2 Nb4
28. Rac1 Rc8 29. Ne5 h5 30. c3 Nc6 31. Nd7 Rfd8 32. Nb6 Rc7 33. b4 Ne5 34. Rxe5
Rd6 35. a5 Rd2+ 36. Kb3 Rc6 37. Re2 Rd8 38. Rce1 Rcd6 39. b5 Bg4 40. Rf2 axb5
41. Bxb5 Bd1+ 42. Kb4 Bg4 43. Nc4 Rd5 44. Ne3 Re5 45. Rff1 Bh3 46. Rh1 Rd2 47.
Bc4 Rb2+ 48. Ka3 Rd2 49. Rxh3 Rxa5+ 50. Kb4 b6 51. Re2 Rd8 52. Ra2 Re5 53. Ng2
Rc8 54. Rh2 Re4 55. Kb3 Rexc4 56. Rc2 Rg4 57. Rh3 Rc5 58. Ne3 Rb5+ 59. Ka3 Re4
60. Ng2 Rb1 61. Ka2 Rb5 62. c4 Rb4 63. Ka3 Rbxc4 64. Rxc4 Rxc4 65. Kb3 Re4 66.
Kc3 Kf6 67. Kd3 Ra4 68. Rh1 Ra3+ 69. Ke4 Rxg3 70. Ne3 g5 71. Rf1+ Kg6 72. hxg5
Rxg5 73. Nc4 b5 74. Ne5+ Kg7 75. Rxf7+ Kg8 76. Rb7 h4 77. Rxb5 h3 78. Rb1 Kg7
79. Rh1 Kf6 80. Nf3 Rh5 81. Kf4 Rh8 82. Nh2 e5+ 83. Ke4 Rh4+ 84. Ke3 e4 85. Ra1
Ke5 86. Ra5+ Ke6 87. Rg5 Kf6 88. Rg3 Kf5 89. Rg1 Rh8 90. Rf1+ Ke5 91. Ng4+ Kd6
92. Kxe4 Re8+ 93. Kf5 Rf8+ 94. Nf6 h2 95. Kg6 Rh8 96. Rh1 Ke5 97. Ng4+ Kf4 98.
Nxh2 Rg8+ 99. Kf7 Rg2 100. Nf1 Kf3 101. Rh3+ Kg4 102. Rh1 Rf2+ 103. Ke6 Kf3 104.
Rh8 Rxf1 105. Rf8+ Ke2 106. Rxf1 Kxf1 1/2-1/2

[Event "Online Olym Div2 C 2020"]
[Site "chess.com INT"]
[Date "2020.08.16"]
[Round "9.5"]
[Board "6"]
[White "Avelino, Camila Biscaya"]
[Black "Tala, Alnasser"]
[Result "1-0"]
[WhiteElo "1732"]
[BlackElo "1431"]
[WhiteTeam "Portugal"]
[BlackTeam "Jordan"]
[WhiteFideId "1938975"]
[BlackFideId "8110328"]
[EventDate "2020.08.14"]
[EventType "team"]

1. e4 c5 2. Nf3 Nc6 3. d4 cxd4 4. Nxd4 g6 5. Nc3 Bg7 6. Be3 Nh6 7. f3 Nxd4 8.
Bxd4 O-O 9. Qd2 f5 10. O-O-O e6 11. Bxg7 Kxg7 12. h4 Nf7 13. h5 Qg5 14. f4 Qf6
15. hxg6 hxg6 16. exf5 Qxf5 17. g4 Qxg4 18. Bd3 Rh8 19. Rhg1 Qf3 20. Be4 Qh3 21.
Bxg6 Qh2 22. Bh5+ 1-0